|
|
|
|
| LEADER |
00000nam a2200000Ii 4500 |
| 001 |
DIGTRO0222 |
| 003 |
NyNyDIG |
| 006 |
m o d |
| 007 |
cr ||||||||||| |
| 008 |
230905s2017 sp ob 001 0 spa d |
| 035 |
|
|
|a (OCoLC)1391444105
|
| 040 |
|
|
|a DGITA
|b eng
|e rda
|e pn
|c DGITA
|
| 020 |
|
|
|a 9788413641553
|q (edición digital e-pub)
|
| 020 |
|
|
|z 9788498797121
|
| 050 |
1 |
4 |
|a BT1465 ebook
|
| 100 |
1 |
|
|a Ávila, Prisciliano de,
|e author.
|
| 245 |
1 |
0 |
|a Tratados /
|c Prisciliano de Ávila ; edición y traducción de Manuel José Crespo.
|
| 264 |
|
1 |
|a [Madrid] :
|b Editorial Trotta,
|c [2017]
|
| 300 |
|
|
|a 1 online resource.
|
| 336 |
|
|
|a text
|b txt
|2 rdacontent
|
| 337 |
|
|
|a computer
|b c
|2 rdamedia
|
| 338 |
|
|
|a online resource
|b cr
|2 rdacarrier
|
| 347 |
|
|
|a text file
|2 rdaft
|
| 347 |
|
|
|b EPUB
|
| 490 |
1 |
|
|a Torre del aire
|
| 504 |
|
|
|a Includes bibliographical references and indexes.
|
| 588 |
0 |
|
|a Online resource; title from ePub title page (Digitalia, viewed September 5, 2023)
|
| 600 |
0 |
0 |
|a Priscillian,
|c Bishop of Avila,
|d approximately 350-385.
|
| 650 |
|
0 |
|a Priscillianism.
|
| 700 |
1 |
|
|a Crespo, Manuel José,
|e editor,
|e translator.
|
| 791 |
2 |
|
|a Digitalia (Firm),
|e distributor.
|
| 793 |
0 |
|
|g Digitalia eBook Collection:
|a Trotta Editorial
|
| 776 |
0 |
8 |
|i Print version:
|a Ávila, Prisciliano de.
|t Tratados.
|d [Madrid] : Editorial Trotta, [2017]
|z 9788498797121
|
| 830 |
|
0 |
|a Colección Torre del aire.
|
| 856 |
4 |
0 |
|3 Digitalia Hispánica
|u https://www.digitaliapublishing.com/a/128794/
|
| 910 |
|
|
|a Premium collection: 2023
|